| 000 | 01221pam a2200313 a 4500 | ||
|---|---|---|---|
| 999 |
_c330568 _d330568 |
||
| 001 | 4473684 | ||
| 003 | NUST | ||
| 005 | 20170720124137.0 | ||
| 008 | 961204s1997 nyua b 001 0 eng | ||
| 010 | _a 96052333 | ||
| 020 | _a0070359652 (text) | ||
| 020 | _a0070359660 (sm) | ||
| 040 |
_aDLC _cDLC _dDLC |
||
| 050 | 0 | 0 |
_aTA340 _b.K67 1997 |
| 082 | 0 | 0 |
_a624.072 KOT _221 |
| 100 | 1 |
_aKottegoda, N. T. _93504 |
|
| 245 | 0 | 0 |
_aStatistics, probability, and reliability for civil and environmental engineers / _cNathabandu T. Kottegoda, Renzo Rosso. |
| 260 |
_aNew York : _bMcGraw-Hill, _cc1997. |
||
| 300 |
_axxiii, 735 p. : _bill. ; _c25 cm. |
||
| 500 | _aP.B | ||
| 504 | _aIncludes bibliographic references and index. | ||
| 650 | 0 |
_aCivil engineering _xStatistical methods. _93505 |
|
| 650 | 0 |
_aEnvironmental engineering _xStatistical methods. _93506 |
|
| 650 | 0 |
_aProbabilities. _979 |
|
| 650 | 0 |
_aReliability (Engineering) _93507 |
|
| 700 | 1 |
_aRosso, Renzo. _93508 |
|
| 906 |
_a7 _bcbc _corignew _d1 _eocip _f19 _gy-gencatlg |
||
| 942 |
_2ddc _cBK _kIESE |
||